000 01371cad a22002415a 4500
001 L147258
008 090421s2009 xxk f f000 0 eng d
020 _a9781409813163
035 _a(Sirsi) u147258
041 0 _aeng
050 0 4 _a346.4104342 $2 18
110 2 _aUnited Kingdom
_bDepartment for Communities and Local Government
_94939
245 0 0 _aFinancial Service Compensation Scheme (FSCS)
_btreatment of service charges for residential property
_h[electronic resource]
260 _aLondon
_bDCLG
_c2009
520 _aProvides guidance for residential leaseholders and tenants paying service charges and also landlords, managing agents, residential management companies and others responsible for the collection of service charge monies in light of the Financial Services Compensation Scheme. Set out how service charges would be treated in the event of a collapse of a regulated financial institution. Not financial or legal advice.
521 _aIntroductory
590 _aKA NTK
650 2 4 _aFINANCIAL SERVICES COMPENSATION SCHEME (FSCS)
651 4 _aEngland and Wales
_y1543-
690 _aPROPERTY-RESIDENTIAL PROPERTY-RESIDENTIAL LANDLORD AND TENANT-RESIDENTIAL SERVICE CHARGES
856 4 0 _uhttps://www.communities.gov.uk/publications/housing/residentialservicecharges
_zView the item free of charge at www.communities.gov.uk...
942 _n0
999 _c109498
_d109498